| 000 | 00908nam a2200289Ia 4500 | ||
|---|---|---|---|
| 001 | G5127 | ||
| 003 | IT-RoPAU | ||
| 008 | 130308s9999 xx 000 0 und d | ||
| 040 | _aIT-RoPAU | ||
| 040 | _cIT-RoPAU | ||
| 041 | _aITALIANO | ||
| 100 | _aRoccati Alessandro | ||
| 100 | _gCodice Aut. SPICS: 35960 | ||
| 245 | _aScrittura dell'egiziano (La) | ||
| 245 | _bAlfabeti: Preistoria e storia del Linguaggio Scritto | ||
| 250 | _a1a ed. | ||
| 260 | _aCOLOGNOLA AI COLLI (VR) | ||
| 260 | _bDemetra | ||
| 260 | _c2000 [1° Ed.:2000 - Ed.Ling.Originale:2000] | ||
| 300 | _a"24 p. (prefazione: no ; testo: 24 [pagine: 59-82])" | ||
| 500 | _aQuadro Storico. Struttura. Estetica. Uso della Scrittura Egiziana per Latre Lingue e di Altre Scritture per la Lingua Egiziana. | ||
| 650 | _aSAGGI DI LINGUISTICA | ||
| 650 | _eCodice materia Spics: 3207 | ||
| 942 | _cBK | ||
| 957 | _71 | ||
| 999 |
_c78080 _d78080 |
||
| 999 | _g1 | ||